000 00299nam a22001337a 4500
008 170131b xxu||||| |||| 00| 0 eng d
020 _a9781416036494
041 _aeng
080 _a61
100 _a3
101 _aSHMI
245 _aSPANISH AND THE MEDICAL INTERVIEW
_cORTEGA, P
942 _2udc
_cBK
999 _c4083
_d4083